<?xml version="1.0" encoding="UTF-8"?>
<collection xmlns="http://www.loc.gov/MARC21/slim">
 <record>
  <leader>02062pam a22003018a 4500</leader>
  <controlfield tag="001">00025624</controlfield>
  <controlfield tag="005">20171026081023.0</controlfield>
  <controlfield tag="008">110810s2003                  ||||||Viesd</controlfield>
  <datafield tag="041" ind1="0" ind2="#">
   <subfield code="a">Vie</subfield>
  </datafield>
  <datafield tag="082" ind1="1" ind2="4">
   <subfield code="a">930</subfield>
   <subfield code="b">L302S</subfield>
  </datafield>
  <datafield tag="100" ind1="0" ind2="#">
   <subfield code="a">Nghiêm Đình Vỳ</subfield>
   <subfield code="e">Chủ Biên</subfield>
  </datafield>
  <datafield tag="245" ind1="0" ind2="0">
   <subfield code="a">Lịch sử thế giới cổ trung đại</subfield>
   <subfield code="b">Giáo trình CĐSP</subfield>
   <subfield code="c">Nghiêm Đình Kỳ; Lại Ngọc Bích, Lương Kim Thoa, Nguyễn Văn Đoàn</subfield>
  </datafield>
  <datafield tag="260" ind1="#" ind2="#">
   <subfield code="a">H.</subfield>
   <subfield code="b">ĐHSP</subfield>
   <subfield code="c">2003</subfield>
  </datafield>
  <datafield tag="300" ind1="#" ind2="#">
   <subfield code="a">381 tr.</subfield>
   <subfield code="c">24 cm.</subfield>
  </datafield>
  <datafield tag="500" ind1="#" ind2="#">
   <subfield code="a">ĐTTS ghi: Bộ GD và ĐT. Dự án đào tạo giáo viên THCS Loan No 1718-VIE (SF)</subfield>
  </datafield>
  <datafield tag="653" ind1="#" ind2="#">
   <subfield code="a">Lịch sử cổ đại</subfield>
  </datafield>
  <datafield tag="653" ind1="#" ind2="#">
   <subfield code="a">Lịch sử</subfield>
  </datafield>
  <datafield tag="653" ind1="#" ind2="#">
   <subfield code="a">Lịch sử trung đại</subfield>
  </datafield>
  <datafield tag="653" ind1="#" ind2="#">
   <subfield code="a">lịch sử thế giới</subfield>
  </datafield>
  <datafield tag="700" ind1="0" ind2="#">
   <subfield code="a">Lương Kim Thoa</subfield>
  </datafield>
  <datafield tag="700" ind1="0" ind2="#">
   <subfield code="a">Lại Ngọc Bích</subfield>
  </datafield>
  <datafield tag="700" ind1="0" ind2="#">
   <subfield code="a">Nguyễn Văn Đoàn</subfield>
  </datafield>
  <datafield tag="852" ind1="#" ind2="#">
   <subfield code="b">Kho giáo trình</subfield>
   <subfield code="j">KGT.0026382, KGT.0026383, KGT.0026384, KGT.0026385, KGT.0026386, KGT.0026387, KGT.0026388, KGT.0026389, KGT.0026390, KGT.0026391, KGT.0026392, KGT.0026393, KGT.0026394, KGT.0026395, KGT.0026396, KGT.0026397, KGT.0026398, KGT.0026399, KGT.0026400, KGT.0026401, KGT.0026402, KGT.0026403, KGT.0026404, KGT.0026405, KGT.0026406, KGT.0026407, KGT.0026408, KGT.0026409, KGT.0026410, KGT.0026411, KGT.0026412, KGT.0026413, KGT.0026414, KGT.0032402, KGT.0033282, KGT.0033283, KGT.0047499</subfield>
  </datafield>
  <datafield tag="852" ind1="#" ind2="#">
   <subfield code="b">Kho mượn</subfield>
   <subfield code="j">KGT.0026382</subfield>
  </datafield>
  <datafield tag="852" ind1="#" ind2="#">
   <subfield code="j">KGT.0026397</subfield>
   <subfield code="j">KGT.0026398</subfield>
   <subfield code="j">KGT.0026399</subfield>
   <subfield code="j">KGT.0026401</subfield>
   <subfield code="j">KGT.0026402</subfield>
   <subfield code="j">KGT.0026406</subfield>
   <subfield code="j">KGT.0026407</subfield>
   <subfield code="j">KGT.0026409</subfield>
   <subfield code="j">KGT.0026410</subfield>
   <subfield code="j">KGT.0026412</subfield>
   <subfield code="j">KGT.0026383</subfield>
   <subfield code="j">KGT.0026384</subfield>
   <subfield code="j">KGT.0026385</subfield>
   <subfield code="j">KGT.0026387</subfield>
   <subfield code="j">KGT.0026391</subfield>
   <subfield code="j">KGT.0026392</subfield>
   <subfield code="j">KGT.0026394</subfield>
   <subfield code="j">KGT.0032402</subfield>
   <subfield code="j">KGT.0033283</subfield>
   <subfield code="j">KGT.0047499</subfield>
   <subfield code="j">KGT.0026390</subfield>
   <subfield code="j">KGT.0026395</subfield>
   <subfield code="j">KGT.0026405</subfield>
   <subfield code="j">KGT.0026413</subfield>
   <subfield code="j">KGT.0026414</subfield>
   <subfield code="j">KGT.0026382</subfield>
   <subfield code="j">KGT.0026386</subfield>
   <subfield code="j">KGT.0026388</subfield>
   <subfield code="j">KGT.0026389</subfield>
   <subfield code="j">KGT.0026393</subfield>
   <subfield code="j">KGT.0026396</subfield>
   <subfield code="j">KGT.0026400</subfield>
   <subfield code="j">KGT.0026403</subfield>
   <subfield code="j">KGT.0026404</subfield>
   <subfield code="j">KGT.0026408</subfield>
   <subfield code="j">KGT.0026411</subfield>
   <subfield code="j">KGT.0033282</subfield>
  </datafield>
  <datafield tag="910" ind1="0" ind2="#">
   <subfield code="d">10/08/2011</subfield>
  </datafield>
  <datafield tag="980" ind1="#" ind2="#">
   <subfield code="a">Trung tâm Học liệu Lê Vũ Hùng, Trường Đại học Đồng Tháp</subfield>
  </datafield>
 </record>
</collection>
